000 00706nam a2200205Ia 4500
003 GCL
008 140319s9999 xx 000 0 ara d
040 _aGCL /
_cGCL
082 0 4 _a940.18
_bف م
100 1 _aفايز نجيب اسكندر
245 1 0 _aالمقاومة الاسلامية فى مواجهة العدوان الصليبى على تونس /
_cفايز نجيب اسكندر
260 _a[S.N] :
_bمطبعة الجبلاوى ،
_c1987
300 _a46 ص
490 _aدراسة فى تاريخ الحروب الصليبية
_v0
650 0 4 _aالعالم العربى
650 0 4 _aتاريخ
650 0 4 _aتونس
650 0 4 _aالحروب الصليبية
942 _2ddc
_cBK
999 _c29189
_d29189